00355nam a2200121Ia 4500008004100000041001200041082001100053100002400064245011300088260000600201650000600207700002000213221030s9999 xx 000 0 und d aEnglish a105.23 aK. A. Krishnamurthy 0aElectrical and electronics engineering for scientists and engineerscby K. A. Krishnamurthy, M. R. Raghuveer c0 aB aM. R. Raghuveer